| 000 | 00546nam a2200205Ia 4500 | ||
|---|---|---|---|
| 005 | 20230609132023.0 | ||
| 008 | 131103s9999 xx 000 0 und d | ||
| 040 | _aLoreto College | ||
| 041 | _aEnglish | ||
| 082 |
_a938 _bCHA |
||
| 100 | _aChadwick,John | ||
| 245 | 4 |
_aThe Decipherment of linear B _cJohn Chadwick |
|
| 260 |
_aNew York _bVintage Books _cc 1958 |
||
| 300 |
_axii,150 p. _b plates ill.,fig. |
||
| 504 | _aIncludes index | ||
| 650 | _aAncient History | ||
| 651 | _aGreece - Ancient History | ||
| 850 | _aLCLIB | ||
| 942 | _cBK | ||
| 999 |
_c8608 _d59087 |
||